| 000 | 00542nam a22001937a 4500 | ||
|---|---|---|---|
| 005 | 20150330061209.0 | ||
| 008 | 960530s1997 flua b 001 0 eng | ||
| 020 | _a0849369754 | ||
| 080 | _a57 | ||
| 245 | 0 | 0 |
_aEndothelins in biology and medicine / _cedited by John P. Huggins, John T. Pelton. |
| 260 |
_aBoca Raton : _bCRC Press, _c1997. |
||
| 300 |
_a390 f. : _bme il.; _c26 cm. |
||
| 505 | _aIndex: f. 379 - 390 | ||
| 650 | 0 | _aMjekësi | |
| 650 | 0 | _aBiologji | |
| 700 | 1 | _aHuggins, John P. | |
| 700 | 1 | _aPelton, John T. | |
| 942 |
_2udc _cBK |
||
| 999 |
_c598 _d598 |
||